Counties that Start with J - Statistics

General Stats
  • This quiz has been taken 66 times
  • The average score is 71 of 101
Answer Stats
County State % Correct
Jack Texas
100%
Jackson Alabama | Arkansas | Colorado | +21 others
97%
Johnson Arkansas | Georgia | Illinois | +9 others
94%
Jefferson Alabama | Arkansas | Colorado | +23 others
81%
Jones Georgia | Iowa | Mississippi | +3 others
69%
Jasper Georgia | Illinois | Indiana | +5 others
56%
Juneau Alaska | Wisconsin
50%
Jay Indiana
38%
Johnston North Carolina | Oklahoma
34%
Jersey Illinois
31%
Jennings Indiana
28%
Jerome Idaho
28%
Jenkins Georgia
25%
Juab Utah
25%
Jim Hogg Texas
22%
Josephine Oregon
22%
Jeff Davis Georgia | Texas
19%
Jefferson Davis Louisiana | Mississippi
19%
Jerauld South Dakota
19%
Jessamine Kentucky
19%
Jewell Kansas
19%
Jim Wells Texas
19%
Jo Daviess Illinois
19%
Juniata Pennsylvania
19%
James City Virginia
16%
Judith Basin Montana
16%
No matching quizzes found
Score Distribution
Percent of People with Each Score
Percentile by Number Answered
Your Score History
You have not taken this quiz